000 00833nam a2200265Ia 4500
003 OSt
005 20220918171326.0
006 a|||||r|||| 00| 0
007 ta
008 220917b |||||||| |||| 00| 0 eng d
020 _a9781493917006 (pbk)
_c4470.44
024 _a286,721
037 _b70, 30/12/2015, Aviva Book Company
_cTextual
040 _aARTS
_cARTS
_beng
041 _2eng
_aeng
082 _aP:(S:4), Q4
100 _aHeredia Roberto R. Ed.
_932109
245 0 _aFoundations of bilingual memory
260 _aNew York
_bSpringer U.S.A.
_c2014
300 _axiv, 297p.
_ccm.
650 _aLINGUISTICS
700 _a Altarriba Jeanette Ed.
_932108
942 _hP:(S:4), Q4
_cTEXL
_2CC
999 _c139041
_d139041